UBT Library

Stilistika e gjuhës shqipe dhe pragmatika / (Record no. 1102)

000 -LEADER
fixed length control field 00488nam a22001817a 4500
008 - FIXED-LENGTH DATA ELEMENTS--GENERAL INFORMATION
fixed length control field 150709b xxu||||| |||| 00| 0 alb d
020 ## - INTERNATIONAL STANDARD BOOK NUMBER
International Standard Book Number 9789989108259
041 0# - LANGUAGE CODE
Language code of text/sound track or separate title alb
080 ## - UNIVERSAL DECIMAL CLASSIFICATION NUMBER
Universal Decimal Classification number 809.18
100 ## - Rafti
Rafti Lloshi, Xhevat ;
245 ## - TITLE STATEMENT
Title Stilistika e gjuhës shqipe dhe pragmatika /
Statement of responsibility, etc Xhevat Lloshi.
250 ## -
-- 2nd Edition
260 ## -
-- Tetovë :
-- Albas ;
-- 2005.
300 ## -
-- 350 f.;
-- 23 cm.
650 #0 -
-- Gjuha shqipe
650 #0 -
-- Stilistika dhe pragmatizmi
942 ## - ADDED ENTRY ELEMENTS (KOHA)
Source of classification or shelving scheme
Item type Books
Holdings
Withdrawn status Lost status Source of classification or shelving scheme Damaged status Not for loan Collection code Permanent location Current location Shelving location Date acquired Total Checkouts Full call number Date last seen Price effective from Koha item type
          Koleksioni i përgjithshem UBT - Prishtine UBT - Prishtine Koleksioni i përgjithshem 07/09/2015   809.18 LLO 07/09/2015 07/09/2015 Books
UBT Library © 2015-2024. All rights reserved University Education for Business and Technology